Olympijské hry a jejich komercializace
Pohľad na olympijské hry v stredoveku. Prekážky a problémy spojené s riadnym priebehom olympijských hier. Analýza vývoja olympijských hier v dnešnej modernej dobe. Analýza celkového vplyvu olympijských hier na národné ekonomiky.
Guardado en:
| Autor principal: | |
|---|---|
| Formato: | Capítulo de libro |
| Lenguaje: | checo |
| Materias: | |
| Etiquetas: |
Sin Etiquetas, Sea el primero en etiquetar este registro!
|
MARC
| LEADER | 00000nla a2200000 4500 | ||
|---|---|---|---|
| 001 | 0185312 | ||
| 005 | 20241113101820.5 | ||
| 041 | 0 | |a cze | |
| 044 | |a CZ | ||
| 245 | 1 | 0 | |a Olympijské hry a jejich komercializace |c Ioannis Dionysopoulos |
| 520 | |a Pohľad na olympijské hry v stredoveku. Prekážky a problémy spojené s riadnym priebehom olympijských hier. Analýza vývoja olympijských hier v dnešnej modernej dobe. Analýza celkového vplyvu olympijských hier na národné ekonomiky. | ||
| 610 | 2 | 0 | |a šport |
| 610 | 2 | 0 | |a hry olympijské |
| 610 | 2 | 0 | |a história |
| 610 | 2 | 0 | |a marketing |
| 610 | 2 | 0 | |a politika medzinárodná |
| 100 | 1 | |a Dionysopoulos, Ioannis | |